| 000 | 01179nam a22002177a 4500 | ||
|---|---|---|---|
| 999 |
_c62974 _d62974 |
||
| 003 | Ge_BSU | ||
| 005 | 20250422101829.0 | ||
| 008 | 250422s1956 ge ||||| |||| 00| 0 geo d | ||
| 041 | _ageo | ||
| 080 | _a595.7(075.8) ე-69 | ||
| 245 |
_aენტომოლოგია. ნაწ. 1 / _cლ. კალანდაძე, ირ. ბათიაშვილი, ნ. ალექსიძე, გ. ყანჩაველი ; ლ. კალანდაძის საერთო რედაქციით. |
||
| 264 |
_aთბილისი : _bსაქ. სას.-სამ. ინ-ტის გამ-ბა და სტ., _c1956. |
||
| 300 |
_a486 გვ. : _b ილ., _c25 სმ. |
||
| 504 | _aბიბლიოგრაფია: გვ. 450-453. | ||
| 700 |
_aკალანდაძე, ლ. _eავტორი _96059 |
||
| 700 |
_aბათიაშვილი, ირ. _eავტორი _911544 |
||
| 700 |
_aქარუმიძე, ს. _eავტორი _924875 |
||
| 700 |
_aყანჩაველი, გ. _eავტორი _924876 |
||
| 700 |
_aკალანდაძე, ლ. _eრედაქტორი _96059 |
||
| 942 |
_2udc _cBK |
||